000 00400cam a2200145ua 4500
041 _aeng
_h
082 _a828.09
_bSAM /CO
100 _aSampson, George .
245 _aConcise cambridge history of English literature /
_cSampson george.
_hTextual Documents
260 _aCambridge :
_bCambridge University Press ,
_c1967.
300 _a1071 ; .
504 _a
942 _cBK
999 _c4719
_d4719